La globalización : (Record no. 61226)

MARC details
000 -LEADER
campo de control de longitud fija 01621cam a2200433 a 4500
001 - NÚMERO DE CONTROL
campo de control 24068
005 - FECHA Y HORA DE LA ÚLTIMA TRANSACCIÓN
campo de control 20230410123428.0
008 - DATOS DE LONGITUD FIJA--INFORMACIÓN GENERAL
campo de control de longitud fija 060907s2003 sp a b 100 0 spa c
010 ## - NÚMERO DE CONTROL DE LA BIBLIOTECA DEL CONGRESO
Número de control de LC 2005394984
035 ## - NÚMERO DE CONTROL DEL SISTEMA
Número de control de sistema (OCoLC)ocm55844545
040 ## - FUENTE DE CATALOGACIÓN
Centro catalogador/agencia de origen PL#
Centro/agencia transcriptor PL#
Centro/agencia modificador DLC
-- NDD
020 ## - NÚMERO INTERNACIONAL ESTÁNDAR DEL LIBRO
Número Internacional Estándar del Libro 8481386049
020 ## - NÚMERO INTERNACIONAL ESTÁNDAR DEL LIBRO
Número Internacional Estándar del Libro 9788481386042
029 1# - OTRO NÚMERO DE CONTROL DE SISTEMA (OCLC)
Identificador de la biblioteca OCLC AU@
Número de control de sistema 000027781639
035 ## - NÚMERO DE CONTROL DEL SISTEMA
Número de control de sistema (OCoLC)55844545
041 0# - CÓDIGO DE IDIOMA
Código de lengua del texto/banda sonora o título independiente spa
-- eng
042 ## - CÓDIGO DE AUTENTICACIÓN
Código de autenticación pcc
050 14 - SIGNATURA TOPOGRÁFICA DE LA BIBLIOTECA DEL CONGRESO
Número de clasificación JZ1318
Número de ítem G562 2003
050 14 - SIGNATURA TOPOGRÁFICA DE LA BIBLIOTECA DEL CONGRESO
Número de clasificación 1mover1Karines
082 00 - NÚMERO DE LA CLASIFICACIÓN DECIMAL DEWEY
Número de clasificación 303.48/2
Número de edición 22
245 03 - MENCIÓN DEL TÍTULO
Título La globalización :
Resto del título un estudio interdisciplinario /
Mención de responsabilidad, etc. Miguel Angel Díaz Mier (editor).
260 ## - PUBLICACIÓN, DISTRIBUCIÓN, ETC.
Lugar de publicación, distribución, etc. [Alcalá de Henares] :
Nombre del editor, distribuidor, etc. Instituto Universitario de Investigación de Estudios Norteamericanos, Universidad de Alcalá,
Fecha de publicación, distribución, etc. 2003.
300 ## - DESCRIPCIÓN FÍSICA
Extensión 378 p. :
Otras características físicas ill. ;
Dimensiones 24 cm.
490 1# - MENCIÓN DE SERIE
Mención de serie Biblioteca de estudios norteamericanos ;
Designación de volumen o secuencia 6
546 ## - NOTA DE IDIOMA
Nota de lengua/lenguaje Spanish and English.
500 ## - NOTA GENERAL
Nota general Proceedings of a conference held Nov. 29-30, 2001, organized by and held at the Instituto Universitario de Investigación de Estudios Norteamericanos.
504 ## - NOTA DE BIBLIOGRAFÍA, ETC.
Nota de bibliografía, etc. Includes bibliographical references.
650 #0 - PUNTO DE ACCESO ADICIONAL DE MATERIA--TÉRMINO DE MATERIA
Término de materia o nombre geográfico como elemento de entrada Globalization
Subdivisión de forma Congresses.
650 #0 - PUNTO DE ACCESO ADICIONAL DE MATERIA--TÉRMINO DE MATERIA
Término de materia o nombre geográfico como elemento de entrada Globalization
Subdivisión general Economic aspects
Subdivisión de forma Congresses.
653 ## - TÉRMINO DE INDIZACIÓN--NO CONTROLADO
Término no controlado Globalización.
653 ## - TÉRMINO DE INDIZACIÓN--NO CONTROLADO
Término no controlado Globalización (Economía)
700 1# - ENTRADA AGREGADA--NOMBRE PERSONAL
Nombre de persona Díaz Mier, Miguel Angel.
710 2# - ENTRADA AGREGADA--NOMBRE DE ENTIDAD CORPORATIVA
Nombre de entidad corporativa o nombre de jurisdicción como elemento de entrada Universidad de Alcalá.
Unidad subordinada Instituto Universitario de Estudios Norteamericanos.
830 #0 - PUNTO DE ACCESO ADICIONAL DE SERIE-TÍTULO UNIFORME
Título uniforme Biblioteca de estudios norteamericanos ;
Designación de volumen o secuencia 6.
938 ## -
-- Puvill Libros
-- PUVL
-- 8481386049
-- $21.62
942 ## - ELEMENTOS DE ENTRADA SECUNDARIOS (KOHA)
Fuente del sistema de clasificación o colocación Clasificación de Library of Congress
Tipo de ítem Koha
994 ## -
-- C0
-- DRFGD
946 ## - PROCESAMIENTO DE INFORMACIÓN LOCAL (OCLC)
a cc
Holdings
Estatus retirado Estado de pérdida Fuente del sistema de clasificación o colocación Estado de daño No para préstamo Colección Biblioteca de origen Biblioteca actual Ubicación en estantería Fecha de adquisición Serial enumeration / chronology Signatura topográfica completa Código de barras Visto por última vez Tipo de ítem Koha
    Clasificación de Library of Congress     Ciencias Sociales Biblioteca Juan Bosch Biblioteca Juan Bosch Ciencias Sociales (3er. Piso) 24/10/2018 3 JZ1318 G562 2003 | Karines 00000023114 24/10/2018